| 000 | 00355 a2200133 4500 | ||
|---|---|---|---|
| 245 |
_aWorld War II in photographs _hprint |
||
| 020 | _a0856135437 : | ||
| 650 | _aProgramming | ||
| 005 | 20191021095842.0 | ||
| 260 |
_aenk _bOrbis _c1984 |
||
| 084 | _aD743.2 .P56 1984 | ||
| 300 |
_a192 p. : ill. _b 29 cm. _c192 p. : ill. ; 29 cm. |
||
| 500 | _aJohn Pimlott. | ||
| 999 |
_c12760 _d12760 |
||